[Event "BL 2018-19"]
[Site "Berlin"]
[Date "2019.03.24"]
[Round "13.5"]
[White "Adams, Michael"]
[Black "Pakleza, Zbigniew"]
[Result "1-0"]
[WhiteElo "2706"]
[BlackElo "2508"]
[Annotator "TA"]
[PlyCount "147"]
[EventDate "2018.11.10"]
[EventType "team-tourn"]
[EventCountry "GER"]
[SourceTitle "playchess.com"]
[Source "ChessBase"]
[SourceQuality "1"]
[WhiteTeam "Baden-Baden"]
[BlackTeam "Kiel"]

{[%evp 17,147,9,11,10,28,8,20,20,13,8,11,0,23,8,14,12,10,0,8,-18,-28,-27,-8,-1,0,0,0,0,0,3,24,0,0,-14,-23,-64,-48,-68,0,0,0,0,5,0,40,19,50,63,41,35,46,29,32,39,32,28,33,31,31,11,26,23,58,59,157,36,125,83,89,89,93,93,154,103,114,104,94,114,183,205,228,225,218,201,185,141,143,143,145,34,34,25,302,292,360,346,335,272,419,425,416,427,427,405,379,389,367,330,587,584,677,614,475,581,430,0,90,0,331,294,523,454,874,745,5092,5091,4622,3471,4622,4614,4614,1768]} 1. e4 e6 2. d4 d5 3. Nc3 dxe4 4. Nxe4 Bd7 5. Nf3 Bc6 6. Bd3 Nd7 7. O-O Ngf6 8. Nxf6+ Qxf6 9. Be2 Bd6 10. c4 {[#] aiming for d5. C10: French with 3 Nc3: Unusual Black 3rd moves and 3...dxe4} Be4 11. Bg5 Qf5 {Strongly threatening ...Bxf3.} 12. Be3 {The position is equal.} h6 13. Rc1 $146 ({Predecessor:} 13. Nh4 Qf6 14. Nf3 O-O 15. Nd2 Bh7 16. Qb3 b6 17. Qb5 Rad8 {0-1 (91) Comp MChess Pro 486-Hoffman,A (2450) Villa Ballester 1993}) 13... O-O 14. Nd2 Bc6 $1 15. Bg4 (15. c5 {feels hotter.} Be7 16. Nc4 a5 17. Bg4 Qg6 18. Bf3) 15... Qg6 16. Bf3 Bxf3 17. Qxf3 c6 18. Ne4 Bc7 19. Nc3 Nf6 20. h3 Rfd8 21. Rfd1 Ba5 22. Na4 Ne4 23. a3 Rd7 24. b4 Bc7 25. b5 Rad8 26. bxc6 bxc6 27. h4 Bd6 (27... f5 $15 28. h5 Qf6) 28. Nc3 $11 Nxc3 29. Rxc3 Be5 30. Rcd3 Qf6 31. Qe4 Bb8 32. g3 Rc8 33. Kg2 Qe7 34. d5 exd5 35. Qxe7 Rxe7 36. cxd5 c5 37. Rc3 Bd6 38. Rdc1 Rb7 39. h5 Rb5 40. a4 Rb4 (40... Ra5 $14) 41. Rc4 ({White has to play} 41. Bxc5 $16 Rxc5 42. Rxc5 Bxc5 43. Rxc5) 41... Rcb8 (41... Rb7 $14) 42. Kf3 $36 {[%mdl 2048] White is on the roll.} ({Avoid the trap} 42. Bxc5 $2 Rxc4 43. Bxd6 Rxc1 $19) 42... a6 43. Bf4 ({Wrong is} 43. Bxc5 $2 Rxc4 44. Rxc4 Rc8 $19) 43... Bxf4 44. Kxf4 $16 {[%mdl 4096] Endgame KRR-KRR} R4b6 (44... f6 $142) 45. Kg4 (45. Rxc5 $142 {And now Rc8+ would win.} Rf6+ 46. Kg4) 45... Rb2 46. f4 Rd2 47. Rxc5 Kh7 (47... Rd8 $16 {keeps fighting.}) 48. R1c3 $18 g6 49. hxg6+ Kxg6 50. Rc6+ Kg7 51. d6 a5 52. Ra6 Rd5 53. Rc7 (53. d7 $16 h5+ 54. Kh3) 53... h5+ $1 $14 54. Kh3 {d7 is the strong threat.} Rb4 $2 {[%mdl 8192]} (54... Rb1 $1 $11) 55. Raa7 $18 Rf5 56. d7 Rd4 57. Rcb7 Rf6 (57... Kg6 {was worth a try.} 58. Rb5 Rfd5 59. Rxd5 Rxd5 60. Rxa5 Rxd7 61. Rg5+ Kf6 62. Rxh5 Rd3) 58. Rxa5 Rfd6 59. Raa7 Kg6 60. d8=Q Rxd8 61. Rxf7 Rd1 62. Rfe7 Kf6 $2 (62... R8d5 {might work better.} 63. Ra6+ Kf5) 63. Re5 Rh1+ 64. Kg2 Rdd1 {intending ...Rhg1+.} 65. Ra6+ Kf7 66. Ra7+ $2 (66. Rb5 $18 {is more deadly. Intending Rb7+ and mate.} Rhg1+ 67. Kf3 Rdf1+ 68. Ke4 Re1+ 69. Kf5) 66... Kf6 $1 $16 67. Ra6+ $2 (67. Re3 $16) 67... Kf7 $1 $18 68. Kf3 h4 $2 (68... Rhf1+ 69. Ke4 Rde1+ 70. Kf5 Rxe5+ 71. Kxe5 Rf3) 69. Rb5 {White is clearly winning.} Rhf1+ (69... Rd7 $142 70. Kg2 Ra1 71. gxh4 Ra3) 70. Kg4 hxg3 71. Rb7+ Ke8 72. Ra8+ Rd8 {[#]} 73. Rxd8+ $1 Kxd8 74. Kxg3 {Accuracy: White = 64%, Black = 48%.} 1-0

[Event "BL 2018-19"]
[Site "Berlin"]
[Date "2019.03.10"]
[Round "13.5"]
[White "Braun, Arik"]
[Black "Maiwald, Jens-Uwe"]
[Result "1-0"]
[WhiteElo "2605"]
[BlackElo "2443"]
[Annotator "TA"]
[PlyCount "93"]
[EventDate "2018.11.10"]
[EventType "team-tourn"]
[EventCountry "GER"]
[SourceTitle "playchess.com"]
[Source "ChessBase"]
[SourceQuality "1"]
[WhiteTeam "Hockenheim"]
[BlackTeam "Dresden"]

{[%evp 13,93,45,39,50,62,54,55,24,18,28,64,65,61,53,69,57,88,95,97,88,86,99,85,82,108,71,89,86,105,81,108,91,129,111,118,88,89,50,102,34,40,35,36,34,61,63,71,76,118,135,135,138,213,211,214,211,243,246,389,346,347,359,320,324,671,656,631,616,563,339,338,52,139,149,331,331,302,305,592,588,550,525]} 1. d4 d6 2. e4 Nf6 3. f3 g6 4. c4 Bg7 5. Nc3 O-O 6. Be3 Nbd7 7. Nh3 a6 8. Nf2 {E81: King's Indian: Sämisch: 6th move deviations (including 6 Be3 c6)} (8. Be2 c5 9. O-O cxd4 10. Bxd4 Ne5 11. Nf4 e6 12. Qd2 Qc7 13. Rac1 b6 14. Rfd1 Rb8 15. b3 Bb7 16. Be3 {½-½ (16) Akobian,V (2615)-Milos,G (2580) Campinas 2013}) 8... e5 9. d5 Nh5 10. Nd3 {White is slightly better.} f5 11. Qd2 Ndf6 12. exf5 gxf5 13. O-O-O Bd7 $146 ({Predecessor:} 13... Kh8 14. Kb1 Rb8 15. Ba7 Ra8 16. Be3 Rb8 17. Ba7 Ra8 18. Be3 {½-½ (18) Nolan,G (2175)-Henderson,J (2180) Oban 2000}) 14. Be2 b5 15. cxb5 axb5 16. Nb4 Qe8 17. a3 Kh8 18. Rhe1 Rg8 19. Bf1 Rb8 20. Kb1 Qg6 {Threatens to win with ...f4+.} 21. Ka1 Bf8 22. Rc1 Ne8 23. Nca2 f4 24. Bg1 Nhg7 25. Bd3 Qf7 (25... Nf5 $14) 26. Nc3 ({White should try} 26. g4 $16) 26... Nf5 $14 27. Bxf5 Qxf5 28. Ne4 Qg6 29. g4 $36 {[%mdl 2048] White is pushing.} fxg3 30. hxg3 Bh6 31. Be3 Bxe3 32. Qxe3 Rc8 (32... Qg7 $16) 33. Rh1 $18 Bf5 34. Rh6 Qg7 35. Rch1 Rd8 (35... Ra8 {might work better.} 36. Qe2 Bg6) 36. g4 Bg6 37. Ng5 Rd7 38. Ne6 Qf6 $2 (38... Qf7 39. f4 Nf6) 39. f4 exf4 40. Nxf4 Re7 41. Qd2 {Hoping for Qh2.} Rf7 42. Ne6 $2 (42. Nbd3 $1 $18) 42... c5 {[#]} (42... Qf1+ $1 $14 43. Qc1 (43. Rxf1 Rxf1+ 44. Ka2 Bb1+ {[%mdl 64] Discovered Attack} 45. Kb3 Rf3+ 46. Qc3+ Rxc3+ 47. bxc3 Rxg4 $11) 43... Qxc1+ 44. Rxc1 Nf6) 43. Nd3 $1 $16 {[%cal Rd3f4]} b4 $2 {[#]} (43... Nc7 $16) 44. g5 $1 $18 {[%cal Rg5f6]} ({Don't go for} 44. axb4 $2 c4 $19) 44... Qf3 45. Ndf4 Ra7 $2 (45... bxa3 46. Qc3+ Qxc3 47. bxc3 Be4) 46. Nd4 Qe4 47. Nc6 {Accuracy: White = 68%, Black = 34%.} 1-0

[Event "BL 2018-19"]
[Site "Berlin"]
[Date "2019.03.24"]
[Round "13.5"]
[White "Smeets, Jan"]
[Black "Pitl, Gregory"]
[Result "1-0"]
[WhiteElo "2602"]
[BlackElo "2387"]
[Annotator "TA"]
[PlyCount "47"]
[EventDate "2018.11.10"]
[EventType "team-tourn"]
[EventCountry "GER"]
[SourceTitle "playchess.com"]
[Source "ChessBase"]
[SourceQuality "1"]
[WhiteTeam "Solingen"]
[BlackTeam "Augsburg"]

{[%evp 16,47,39,44,34,32,48,0,57,54,74,70,74,72,80,81,66,79,110,125,135,108,152,114,172,154,652,689,668,666,650,648,781,779]} 1. e4 c5 2. Nf3 d6 3. d4 cxd4 4. Nxd4 Nf6 5. f3 Nc6 6. c4 g6 7. Be3 Bg7 8. Nc3 O-O 9. Qd2 Be6 {B38: Sicilian: Maroczy Bind with 5...Bg7 and 7...0-0} (9... Bd7 10. Be2 Nxd4 11. Bxd4 a5 12. b3 Bc6 13. O-O Nd7 14. Be3 Nc5 15. Rab1 e6 16. a3 Be5 17. b4 axb4 18. axb4 Ra3 19. bxc5 Rxc3 20. f4 Bg7 21. e5 dxe5 22. Qxc3 exf4 23. Qd2 Qg5 {0-1 (43) Bu,X (2730)-Savchenko,B (2566) Riadh 2017}) 10. Be2 Qa5 11. Nb3 Qc7 (11... Qb4 $11) 12. Nd5 Qd7 13. O-O-O $146 ({Predecessor:} 13. O-O Rfd8 14. a4 Rdc8 {½-½ (49) Istomin,A (2275)-Erdogdu,M (2281) ICCF email 2013}) 13... Rfc8 14. Kb1 Ne5 15. Rc1 Bxd5 16. cxd5 Rxc1+ 17. Rxc1 e6 18. dxe6 fxe6 19. Qc2 Kf7 (19... a6 $16 {might work better.}) 20. Nd4 Ke7 $2 {[#]} (20... d5 $16 21. h3 a6) 21. Bb5 $18 {White is clearly winning.} Qd8 22. Qc7+ Qxc7 23. Rxc7+ Ned7 24. Bg5 {Accuracy: White = 83%, Black = 33%.} 1-0

[Event "BL 2018-19"]
[Site "Berlin"]
[Date "2019.03.24"]
[Round "13.5"]
[White "Kollars, Dmitrij"]
[Black "Sebastian, Dirk"]
[Result "1-0"]
[WhiteElo "2542"]
[BlackElo "2442"]
[Annotator "TA"]
[PlyCount "93"]
[EventDate "2018.11.10"]
[EventType "team-tourn"]
[EventCountry "GER"]
[SourceTitle "playchess.com"]
[Source "ChessBase"]
[SourceQuality "1"]
[WhiteTeam "SF Deizisau"]
[BlackTeam "Hamburg SK"]

{[%evp 12,93,20,14,9,11,10,8,0,0,18,11,20,-5,-10,-13,-16,-53,-54,-33,-40,-46,-55,-48,-49,-46,-60,-42,-47,-66,-46,-54,-33,-22,0,-14,-2,-66,-5,-55,0,0,0,0,91,92,130,140,120,116,168,185,185,161,135,141,158,164,127,135,166,156,157,162,212,213,203,147,158,154,185,188,265,245,214,206,211,192,327,339,779,755,968,921]} 1. e4 e5 2. Nf3 Nc6 3. Bc4 Bc5 4. c3 Nf6 5. d3 d6 6. O-O O-O 7. Nbd2 a5 {C54: Giuoco Piano: 4 c3 Nf6, main lines with 5 d4 and 5 d3} 8. h3 Be6 9. Re1 Qc8 $146 {The position is equal.} ({Predecessor:} 9... h6 10. Bb5 Ba7 11. Nf1 Ne7 12. Ng3 c6 13. Ba4 Ng6 14. Bc2 Qc7 15. d4 {1-0 (36) Karjakin,S (2769)-Tomashevsky,E (2728) Wijk aan Zee 2016}) 10. Bxe6 Qxe6 11. Nf1 Bb6 12. d4 exd4 13. cxd4 d5 14. Ng5 Qd7 15. e5 Ne4 $1 {[%cal Re4g5] Threatens to win with ...Nxg5.} 16. Nxe4 dxe4 17. Rxe4 Bxd4 18. Be3 {[%cal Re4d4]} Rad8 19. Bxd4 Nxd4 20. Ne3 c5 (20... Rfe8 {with more complications.} 21. Qg4 Ne6 22. b3 Qd2 23. Nf5 Rd3) 21. Qg4 Qxg4 22. hxg4 Rfe8 23. Re1 b5 24. f4 {[#]} (24. Nf5 $11) 24... a4 (24... h5 $1 $15 {[%mdl 512]}) 25. Kf2 Nc6 (25... g6 $15) 26. Nf5 $11 Rd2+ 27. R1e2 Rxe2+ (27... Rd3 $11 {keeps the balance.}) 28. Rxe2 {[%mdl 4096] Endgame KRN-KRN} Nb4 29. Nd6 Rb8 30. a3 Nd3+ (30... Nd5 $16) 31. Ke3 $18 c4 32. Ke4 Kf8 33. g3 Ke7 34. Kd5 h6 35. Kc6 b4 {And now ...c3 would win.} 36. Nxc4 bxa3 37. bxa3 Rc8+ 38. Kd5 Nc1 39. Rc2 Nb3 40. Ne3 Rd8+ 41. Kc4 Rd4+ (41... Kf8 $142 42. Kb4 Nd4) 42. Kb5 g6 43. Rc3 Nd2 {[#]} 44. Nc2 $1 {[%cal Rc2d4]} Re4 (44... Rd5+ $142 45. Kxa4 Ne4) 45. Nb4 Kf8 $2 (45... Re2 46. Rc2 (46. Kxa4 Ne4 $18) 46... Kd7 47. Kxa4 Nb1) 46. Rc8+ Ke7 47. Nc6+ {Accuracy: White = 67%, Black = 45%.} 1-0

[Event "BL 2018-19"]
[Site "Berlin"]
[Date "2019.03.24"]
[Round "13.5"]
[White "Werle, Jan"]
[Black "Gurevich, Vladimir"]
[Result "1/2-1/2"]
[WhiteElo "2528"]
[BlackElo "2469"]
[Annotator "TA"]
[PlyCount "178"]
[EventDate "2018.11.10"]
[EventType "team-tourn"]
[EventCountry "GER"]
[SourceTitle "playchess.com"]
[Source "ChessBase"]
[SourceQuality "1"]
[WhiteTeam "Werder Bremen"]
[BlackTeam "SV Hofheim"]

{[%evp 18,178,53,56,89,45,47,44,80,1,6,7,33,0,53,40,41,41,41,41,38,38,38,45,45,41,51,38,38,38,38,38,38,12,38,38,38,38,41,38,32,0,38,38,38,38,41,41,41,41,41,41,41,48,48,48,48,38,38,38,38,38,38,38,38,38,38,38,38,38,38,38,38,38,38,38,38,38,38,0,38,38,38,38,38,31,38,38,38,38,38,31,31,31,31,31,31,31,31,31,31,31,31,0,31,0,31,31,31,31,31,31,31,31,31,0,31,31,31,31,31,31,31,31,31,31,31,31,31,31,31,31,31,31,31,31,31,23,31,31,31,0,0,0,0,0,0,0,0,0,0,0,0,0,0,0,0,0,0,0,0,0,0]} 1. d4 Nf6 2. c4 e6 3. Nf3 b6 4. a3 Ba6 5. Qc2 Bb7 6. Nc3 c5 7. e4 cxd4 8. Nxd4 d6 9. Be2 Be7 10. Be3 a6 {E12: Queen's Indian: Unusual White 4th moves, 4 a3, 4 Nc3 Bb7 5 a3 and 4 Nc3 Bb7} 11. O-O (11. O-O-O Nc6 12. Nxc6 Bxc6 13. e5 Nd7 14. exd6 Bf6 15. Ne4 Rc8 16. Kb1 O-O 17. h4 b5 18. Ng5 {0-1 (42) Wagner,D (2575)-Papin,V (2502) Berlin 2015}) 11... O-O 12. f4 Nbd7 {White is slightly better.} 13. f5 (13. Rad1 $16) 13... e5 $11 14. Nb3 Rc8 15. Qd3 Rc7 $146 (15... b5 $11 16. cxb5 axb5) ({Predecessor:} 15... Re8 16. Nd2 Nc5 17. Qc2 Qc7 18. b4 Ncd7 19. Qd3 {½-½ (34) Shishkin,V (2157)-Agacinski,T (2178) IECG email 2006}) 16. Rac1 Qa8 {[%cal Rf6e4]} 17. Nd5 Nxd5 18. cxd5 Rxc1 19. Rxc1 Rc8 20. Rc3 Rxc3 21. Qxc3 Qd8 22. Qc1 h6 23. Kf2 Bg5 24. Bxg5 hxg5 25. Nd2 Nf6 (25... g4 $5) 26. Qc3 b5 27. h3 Qb6+ 28. Qe3 Qc7 29. Qc3 Qb6+ 30. Kf1 Kf8 31. b4 Ke7 32. Bf3 Kd8 33. Nb3 (33. Ke1 {looks sharper.} Bc8 34. Ke2 Bd7 35. Qe3 Qxe3+ 36. Kxe3 Ke7 37. Be2) 33... Bc8 34. Qc1 Qc7 35. Qxc7+ Kxc7 $14 {[%mdl 4096] Endgame KBN-KBN} 36. Ke2 g6 37. g4 gxf5 38. gxf5 Bd7 39. Kf2 Kd8 40. Kg3 Ke7 41. Nd2 Kf8 42. Nf1 Kg7 43. Kf2 Kh6 44. Ne3 Kg7 45. Ke2 Kf8 46. Kd3 Kg7 47. Nf1 Kh6 48. Ke3 Kg7 49. Nd2 Kf8 50. Be2 Ke7 51. Nb3 Kf8 52. Bf3 Kg7 53. Na5 Kf8 54. Kf2 Ke7 55. Kg3 Kf8 56. h4 gxh4+ 57. Kxh4 Ke7 58. Kg5 Nh7+ 59. Kh6 Nf6 60. Nc6+ Kf8 (60... Bxc6 $5 61. dxc6 d5 62. exd5 e4 $11) 61. Na5 Ke7 62. Nb3 Kf8 63. Nd2 Ng8+ 64. Kg5 {[#] Strongly threatening f6.} Kg7 65. Nf1 Nf6 66. Ne3 Nh7+ 67. Kh4 Nf6 68. Nf1 Nh7 69. Nd2 Nf6 70. Nb3 Nh7 71. Be2 Nf6 72. Bd3 Kf8 73. Kg3 Ke7 74. Nd2 Kd8 75. Nb1 Ke7 76. Nc3 Ne8 77. Bc2 Nf6 78. Kf3 Kd8 79. a4 bxa4 {The position is equal.} 80. Bxa4 Bxa4 81. Nxa4 $11 {KN-KN} Nd7 82. Ke3 Kc7 83. Kd3 Nf6 84. Nb2 Ng4 85. Nc4 Nf2+ 86. Ke3 Nd1+ 87. Kd2 Nf2 88. Ke3 Nd1+ 89. Kd2 Nf2 {Accuracy: White = 71%, Black = 76%.} 1/2-1/2

[Event "BL 2018-19"]
[Site "Berlin"]
[Date "2019.03.24"]
[Round "13.6"]
[White "Stankovic, Milos"]
[Black "Nikolic, Predrag"]
[Result "1/2-1/2"]
[WhiteElo "2451"]
[BlackElo "2576"]
[Annotator "TA"]
[PlyCount "86"]
[EventDate "2018.11.10"]
[EventType "team-tourn"]
[EventCountry "GER"]
[SourceTitle "playchess.com"]
[Source "ChessBase"]
[SourceQuality "1"]
[WhiteTeam "Augsburg"]
[BlackTeam "Solingen"]

{[%evp 14,86,18,6,14,17,27,16,15,15,13,7,6,6,14,12,8,0,0,0,-4,-2,0,0,0,-8,-8,-8,-8,-4,-4,-8,-8,-8,-8,-8,-8,-10,-10,-15,-15,-15,0,-24,0,0,0,-1,0,0,0,0,0,0,0,0,0,0,0,0,0,0,0,0,0,0,0,0,0,0,0,0,0,0,0]} 1. e4 e6 2. d4 d5 3. Nc3 Bb4 4. Nge2 dxe4 5. a3 Be7 6. Nxe4 Nd7 7. N2g3 Ngf6 8. Be2 O-O {C15: French: 3 Nc3 Bb4: Unusual White 4th moves} 9. O-O Rb8 $146 ({Predecessor:} 9... b6 10. Bf3 Rb8 11. a4 a5 12. Re1 Bb7 13. c3 Re8 14. Qc2 Nxe4 15. Bxe4 Nf6 16. Bxb7 Rxb7 {0-1 (88) Libiszewski,F (2530)-Akobian,V (2647) chess.com INT 2018}) 10. Bf3 b5 11. Re1 Bb7 12. Bd2 Nxe4 13. Bxe4 Nf6 14. Bxb7 Rxb7 15. Bb4 c6 16. c3 a5 17. Bxe7 Qxe7 18. Qf3 Rc8 19. Ne4 Nxe4 20. Rxe4 Rd7 21. Re5 Rd5 22. Qe2 Rcd8 23. Rxd5 $1 Rxd5 $11 {[%mdl 4096] Endgame KQR-KQR} 24. a4 Qd8 25. g3 h5 26. h4 g6 27. Qc2 Qb6 28. Qb3 b4 29. Re1 {The position is equal.} Qa7 30. Re5 bxc3 31. Rxd5 cxd5 32. Qxc3 {KQ-KQ} Qb6 33. Kf1 Kf8 34. Ke2 Ke7 35. Kf3 Kd7 36. Ke2 Kd6 37. Qa3+ Kd7 38. Qc3 f6 39. Kf3 g5 40. Kg2 g4 41. f3 f5 42. f4 Kd6 43. Kf2 Kd7 {Accuracy: White = 83%, Black = 84%.} 1/2-1/2

[Event "BL 2018-19"]
[Site "Berlin"]
[Date "2019.03.24"]
[Round "13.6"]
[White "Carlstedt, Jonathan"]
[Black "Graf, Alexander"]
[Result "1/2-1/2"]
[WhiteElo "2418"]
[BlackElo "2562"]
[Annotator "TA"]
[PlyCount "89"]
[EventDate "2018.11.10"]
[EventType "team-tourn"]
[EventCountry "GER"]
[SourceTitle "playchess.com"]
[Source "ChessBase"]
[SourceQuality "1"]
[WhiteTeam "Hamburg SK"]
[BlackTeam "SF Deizisau"]

{[%evp 9,89,0,0,-6,0,0,0,0,0,0,0,0,0,-5,8,-7,29,29,35,35,28,30,33,16,29,9,6,3,9,-8,0,0,0,0,0,0,0,0,0,-89,-9,-69,-72,-89,-21,-16,-16,-24,-34,-20,-32,-44,-38,-36,0,0,0,-14,0,0,0,0,0,0,0,0,0,0,0,0,0,0,0,0,0,0,0,0,0,0,0,0]} 1. d4 d5 2. Bf4 c5 3. e3 Nc6 4. c3 Bf5 5. Nd2 e6 6. Qb3 {D00: 1 d4 d5: Unusual lines} Qc8 7. Ngf3 Nf6 8. Nh4 Be4 (8... c4 9. Qd1 Be7 10. Be2 O-O 11. Nxf5 exf5 12. h3 b5 13. g4 b4 14. Qc2 bxc3 15. bxc3 {1-0 (42) Iordachescu,V (2597)-Nisipeanu,L (2674) Bucharest 2018}) 9. Nxe4 Nxe4 10. Nf3 Be7 $146 ({Predecessor:} 10... cxd4 11. exd4 Bd6 12. Bxd6 Nxd6 {½-½ (41) Herm,M (1975)-Nekrasov,M (2368) Walldorf 2017}) 11. h4 a6 12. Qc2 cxd4 13. exd4 Bd6 14. Bxd6 Nxd6 15. Bd3 Qc7 16. h5 h6 17. Rh3 O-O-O 18. O-O-O f6 19. Nh4 Kb8 20. Ng6 Rhe8 21. f4 e5 22. fxe5 fxe5 23. dxe5 Nxe5 24. Nf4 (24. Nxe5 $11 {remains equal.} Rxe5 25. Kb1) 24... Ndc4 (24... Qf7 $17 25. Ng6 Ng4) 25. Qf2 ({Better is} 25. Bxc4 $1 $11 dxc4 26. Rhh1) 25... Rf8 $15 {And now ...Rxf4! would win.} 26. g3 {[#]} d4 $1 {[%mdl 512]} 27. Bxc4 $1 $11 (27. cxd4 Ne3+) 27... Qxc4 28. Rxd4 Qxa2 29. Qe2 Nc6 30. Rxd8+ Rxd8 31. Nd3 $1 Na5 {[#] ...Nb3+ is the strong threat.} 32. Rh4 {The position is equal.} Nc4 33. Rd4 Rc8 34. Rg4 Ka8 35. Qe6 Qa1+ 36. Kc2 Qa4+ 37. Kc1 Rc6 38. Qe8+ Ka7 39. Rg6 Qa1+ 40. Kc2 Qa4+ 41. Kc1 Qa1+ 42. Kc2 Rc7 43. Qe4 Qa4+ 44. Kc1 Qa1+ 45. Kc2 {Accuracy: White = 73%, Black = 53%.} 1/2-1/2

[Event "BL 2018-19"]
[Site "Berlin"]
[Date "2019.03.24"]
[Round "13.6"]
[White "Margolin, Boris"]
[Black "Markgraf, Alexander"]
[Result "1/2-1/2"]
[WhiteElo "2386"]
[BlackElo "2489"]
[Annotator "TA"]
[PlyCount "87"]
[EventDate "2018.11.10"]
[EventType "team-tourn"]
[EventCountry "GER"]
[SourceTitle "playchess.com"]
[Source "ChessBase"]
[SourceQuality "1"]
[WhiteTeam "SV Hofheim"]
[BlackTeam "Werder Bremen"]

{[%evp 9,87,-5,-6,-20,-12,-18,-8,-16,-18,-20,0,-4,-3,0,0,-10,57,52,46,47,51,62,61,51,64,25,29,18,27,0,0,0,0,0,0,0,0,0,15,0,52,25,28,26,45,44,35,32,47,40,81,0,51,22,31,22,27,22,31,0,0,0,14,0,18,19,64,8,145,0,0,0,0,0,0,0,0,0,0,0]} 1. e4 c5 2. Nf3 e6 3. c4 Nc6 4. Nc3 Nd4 5. Nxd4 cxd4 6. Ne2 {B40: Sicilian: 2...e6, Unusual lines} e5 (6... Nf6 7. d3 e5 8. Bd2 Qb6 9. Qb3 d6 10. h3 h5 11. g3 Nd7 12. Qxb6 axb6 13. b4 b5 14. cxb5 {0-1 (36) Vratonjic,S (2414)-Perunovic,M (2603) Novi Banovci 2017}) 7. Ng3 g6 8. Be2 h5 9. O-O h4 {[#] And now ...d3 would win.} 10. Nh1 Bh6 11. d3 d6 12. f4 Kf8 $146 (12... Bxf4 $11 13. Bxf4 exf4) ({Predecessor:} 12... exf4 13. Bxf4 Bxf4 14. Rxf4 {1-0 (95) Belenkaya,D (2313)-Vasilevich,I (2285) Sochi 2016}) 13. Bg4 $14 Kg7 14. Bxc8 Rxc8 15. Qf3 Nf6 16. Nf2 Qd7 17. Kh1 Rcf8 18. Nh3 {Threatens to win with fxe5.} Qg4 19. b3 (19. Qf2 {seems wilder.} Nd7 20. b4 f5 21. Qe1 Rhg8 22. a4) 19... Qxf3 20. gxf3 Nh5 {[%cal Rh6f4]} 21. fxe5 Bxc1 22. Raxc1 dxe5 23. f4 f6 24. Rf2 Rf7 (24... f5 $11) 25. Kg2 Rhf8 26. Rcf1 Re7 27. fxe5 Rxe5 28. Nf4 Nxf4+ 29. Rxf4 {[%mdl 4096] Endgame KRR-KRR} b5 30. cxb5 (30. Rxh4 $16 bxc4 31. bxc4) 30... Rc5 (30... Rxb5 $11 31. Rc1 (31. Rxh4 Rg5+ 32. Kf3 Rc8 $11) 31... Ra5) 31. R1f2 Rxb5 32. Rc2 g5 33. Rf1 Rf7 34. h3 Ra5 35. Rff2 Ra6 36. Rc5 Rd7 37. Kf3 Rdd6 38. Rfc2 (38. Kg4 $1 $14) 38... Ra3 {[#]} (38... Kg6 $11) 39. Kg4 ({White should try} 39. Rc8 $1 $16 {White wants to mate with R2c7+.} Rd7 40. R8c6) 39... Kg6 $1 $11 {The position is equal.} 40. Rf5 Re6 41. Re2 Raa6 42. Rc2 Ra3 43. Re2 Raa6 44. Rc2 {Accuracy: White = 49%, Black = 58%.} 1/2-1/2

[Event "BL 2018-19"]
[Site "Berlin"]
[Date "2019.03.24"]
[Round "13.6"]
[White "Hoi, Carsten"]
[Black "Bacrot, Etienne"]
[Result "0-1"]
[WhiteElo "2380"]
[BlackElo "2677"]
[Annotator "TA"]
[PlyCount "74"]
[EventDate "2018.11.10"]
[EventType "team-tourn"]
[EventCountry "GER"]
[SourceTitle "playchess.com"]
[Source "ChessBase"]
[SourceQuality "1"]
[WhiteTeam "Kiel"]
[BlackTeam "Baden-Baden"]

{[%evp 23,74,14,29,15,14,12,60,30,14,0,0,-22,-23,-87,-85,-88,-61,-95,-92,-138,-110,-157,-116,-105,-112,-112,-112,-112,-114,-108,-114,-93,-90,-118,-112,-167,-166,-461,-461,-461,-461,-461,-461,-461,-460,-452,-437,-412,-224,-628,-360,-510,-228]} 1. Nf3 Nf6 2. c4 b6 3. Nc3 Bb7 4. d4 e6 5. a3 d5 6. Bg5 Be7 7. e3 Nbd7 8. cxd5 exd5 9. Bd3 O-O 10. Qc2 c5 {E12: Queen's Indian: Unusual White 4th moves, 4 a3, 4 Nc3 Bb7 5 a3 and 4 Nc3 Bb7} 11. O-O h6 12. Bf4 a6 {LiveBook: 3 Games. The position is equal.} 13. Rad1 {[#]} Re8 $146 ({Predecessor:} 13... c4 14. Bf5 Re8 15. Ne5 Nf8 16. Qe2 b5 17. Qf3 h5 18. Qg3 {½-½ (100) Liascovich,L (2478)-Mareco,S (2592) Saenz Pena 2014}) 14. Ne5 Nf8 15. Bf5 Bd6 16. h3 Ne6 17. dxc5 bxc5 18. Na4 (18. Bg3 $11 {remains equal.}) 18... Nxf4 $17 19. exf4 Qc7 20. Rfe1 Re7 21. Ng4 Nxg4 22. Bxg4 d4 {Strongly threatening ...Rxe1+.} 23. Rxe7 Qxe7 ({Stronger than} 23... Bxe7 24. Rxd4 $1 {[%mdl 512]} Bd6 25. Rd1 $11) 24. b4 cxb4 25. axb4 Bxb4 26. Rxd4 {aiming for Rd7.} Rd8 ({Much weaker is} 26... Qe1+ $6 27. Kh2 $11) 27. Rxd8+ Qxd8 28. Qe2 Qd4 29. Qe8+ (29. Qe5 $17 Qxe5 30. fxe5) 29... Bf8 $19 30. f5 $2 (30. Be2) 30... Qa1+ 31. Kh2 Qf1 {[%csl Gb7][%cal Rf1g2]} 32. f3 Qc4 33. Bh5 Qf4+ 34. Kh1 Qxf5 35. Nb6 Qe6 (35... Qxh5 $142 36. Nd7 {[#]} Bxf3 $1 {[%mdl 512]} 37. Qxf8+ Kh7) 36. Qd8 $2 (36. Qxe6 fxe6 37. Be8) 36... Qe1+ 37. Kh2 Qe7 {Precision: White = 38%, Black = 65%.} (37... g6 $142 38. Bg4 f5) 0-1